<?xml version="1.0" encoding="UTF-8"?>
<record
    xmlns:xsi="http://www.w3.org/2001/XMLSchema-instance"
    xsi:schemaLocation="http://www.loc.gov/MARC21/slim http://www.loc.gov/standards/marcxml/schema/MARC21slim.xsd"
    xmlns="http://www.loc.gov/MARC21/slim">

  <leader>03531nam a22001937a 4500</leader>
  <controlfield tag="008">170728b        xxu||||| |||| 00| 0 eng d</controlfield>
  <datafield tag="020" ind1=" " ind2=" ">
    <subfield code="a">9781609137472</subfield>
  </datafield>
  <datafield tag="050" ind1=" " ind2=" ">
    <subfield code="a">RG951.R538</subfield>
  </datafield>
  <datafield tag="100" ind1=" " ind2=" ">
    <subfield code="a">Rucci, Susan Scott.</subfield>
  </datafield>
  <datafield tag="245" ind1=" " ind2=" ">
    <subfield code="a">Maternity and pediatric nursing. /</subfield>
    <subfield code="c">Susan Scott Ricci, Terri Kyle &amp; Susan Carman.</subfield>
  </datafield>
  <datafield tag="250" ind1=" " ind2=" ">
    <subfield code="a">2nd ed.</subfield>
  </datafield>
  <datafield tag="260" ind1=" " ind2=" ">
    <subfield code="a">London:</subfield>
    <subfield code="b">Lippincott Williams &amp; Wilkins,</subfield>
    <subfield code="c">2013.</subfield>
  </datafield>
  <datafield tag="300" ind1=" " ind2=" ">
    <subfield code="a">xxiv, 2046p.:</subfield>
    <subfield code="b">ill.;</subfield>
    <subfield code="c">29cm.</subfield>
  </datafield>
  <datafield tag="500" ind1=" " ind2=" ">
    <subfield code="a">Includes Index and References.</subfield>
  </datafield>
  <datafield tag="505" ind1=" " ind2=" ">
    <subfield code="a">Contents: Introduction to maternal and pediatric nursing: Perspective on maternity and child health care -- Core concepts of maternal and child health care and community-based care -- Women's health throughout the life span: Anatomy and physiology of the reproductive system -- Common reproductive issues -- Sexually transmitted infections -- Disorders of the breasts -- Benign disorders of the female reproductive tract -- Cancers of the female reproductive tract -- Violence and abuse -- Pregnancy: Fetal development and genetics -- Maternal adaptation during pregnancy -- Nursing management during pregnancy -- Labor and birth: Labor and birth process -- Nursing management during labor and birth -- Postpartum period: Postpartum adaptations -- Nursing management during the postpartum period -- The Newborn: Newborn transitioning -- Nursing management of the newborn -- Child bearing at risk: Nursing management of pregnancy at risk: pregnancy-related complications -- Nursing management of the pregnancy at risk: selected health conditions and vulnerable populations -- Nursing management of labor and birth at risk -- Nursing management of the postpartum woman at risk -- The Newborn at risk: Nursing care of the newborn with special needs -- Nursing management of the newborn at risk: acquired and congenital newborn conditions -- Health promotion of the growing child and family: Growth and development of the newborn and infant -- Growth and development of the toddler -- Growth and development of the preschooler -- Growth and development of the school-age child -- Growth and development of the adolescent -- Children and their families: Atraumatic care of children and families -- Health supervision -- Health assessment of children -- Caring for children in diverse settings -- Caring for the special needs child -- Key pediatric nursing interventions -- Pain management in children -- Nursing care of the child with a health disorder: Nursing care of the child with an infectious or communicable disorder -- Nursing care of the child with a neurologic disorder -- Nursing care of the child with a disorder of the eye or ears -- Nursing care of the child with a respiratory disorder -- Nursing care of the child with a cardiovascular disorder -- Nursing care of the child with a gastrointestinal disorder -- Nursing care of the child with a genitourinary disorder -- Nursing care of the child with a neuromuscular disorder -- Nursing care of the child with a musculoskeletal disorder -- Nursing care of the child with an integumentary disorder -- Nursing care of the child with a hematologic disorder -- Nursing care of the child with an immunologic disorder -- Nursing care of the child with an endocrine disorder -- Nursing care of the child with a neoplasitc disorder -- Nursing care of the child with a genetic disorder -- Nursing care of the child with a cognitive or mental health disorder -- Nursing care during a pediatric emergency.</subfield>
  </datafield>
  <datafield tag="700" ind1=" " ind2=" ">
    <subfield code="a">Kyle, Terri.</subfield>
  </datafield>
  <datafield tag="700" ind1=" " ind2=" ">
    <subfield code="a">Carman, Susan.</subfield>
  </datafield>
  <datafield tag="942" ind1=" " ind2=" ">
    <subfield code="2">lcc</subfield>
    <subfield code="c">BK</subfield>
  </datafield>
  <datafield tag="999" ind1=" " ind2=" ">
    <subfield code="c">6449</subfield>
    <subfield code="d">13949</subfield>
  </datafield>
  <datafield tag="952" ind1=" " ind2=" ">
    <subfield code="0">0</subfield>
    <subfield code="1">0</subfield>
    <subfield code="2">lcc</subfield>
    <subfield code="4">0</subfield>
    <subfield code="7">0</subfield>
    <subfield code="a">WIUC-1</subfield>
    <subfield code="b">WIUC-1</subfield>
    <subfield code="c">NURS L.</subfield>
    <subfield code="d">2017-07-28</subfield>
    <subfield code="o">RG951.R538</subfield>
    <subfield code="p">NURS/327/17</subfield>
    <subfield code="r">2017-07-28 00:00:00</subfield>
    <subfield code="t">1</subfield>
    <subfield code="w">2017-07-28</subfield>
    <subfield code="y">BK</subfield>
  </datafield>
  <datafield tag="952" ind1=" " ind2=" ">
    <subfield code="0">0</subfield>
    <subfield code="1">0</subfield>
    <subfield code="2">lcc</subfield>
    <subfield code="4">0</subfield>
    <subfield code="7">0</subfield>
    <subfield code="a">WIUC-1</subfield>
    <subfield code="b">WIUC-1</subfield>
    <subfield code="c">NURS L.</subfield>
    <subfield code="d">2017-07-28</subfield>
    <subfield code="o">RG951.R5381</subfield>
    <subfield code="p">NURS/328/17</subfield>
    <subfield code="r">2017-07-28 00:00:00</subfield>
    <subfield code="t">2</subfield>
    <subfield code="w">2017-07-28</subfield>
    <subfield code="y">BK</subfield>
  </datafield>
  <datafield tag="952" ind1=" " ind2=" ">
    <subfield code="0">0</subfield>
    <subfield code="1">0</subfield>
    <subfield code="2">lcc</subfield>
    <subfield code="4">0</subfield>
    <subfield code="7">0</subfield>
    <subfield code="a">WIUC-KL</subfield>
    <subfield code="b">WIUC-KL</subfield>
    <subfield code="c">NURS L.</subfield>
    <subfield code="d">2019-07-08</subfield>
    <subfield code="o">RG951.R538(2e)</subfield>
    <subfield code="p">KSN/327/19</subfield>
    <subfield code="r">2020-02-07 00:00:00</subfield>
    <subfield code="w">2020-02-07</subfield>
    <subfield code="y">BK</subfield>
  </datafield>
</record>
